00692nam a2200241Ia 4500001000600000003000900006008004100015040001300056040001300069041001300082100002000095100002900115245001000144245005800154250001100212260001100223260001300234260004900247300005700296500003900353650002700392650003100419 2704IT-RoPAU130308s9999 xx 000 0 und d aIT-RoPAU cIT-RoPAU aITALIANO aNunez Esperanza gCodice Aut. SPICS: 3129 aSobre bCi vediamo Mercoledi'-Gli Altri giorni ci Immaginiamo a1a ed. aMILANO bMazzotta c1978 [1° Ed.:1978 - Ed.Ling.Originale:1978] a"10 p. (prefazione: no ; testo: 10 [pagine: 32-41])" aFamiglia Sul comunicare Maternita' aLINGUAGGIO FOTOGRAFICO eCodice materia Spics: 6754